ABNORMAL PSYCHOLOGY (Record no. 23074)

MARC details
000 -LEADER
fixed length control field 00323nam a22001577a 4500
003 - CONTROL NUMBER IDENTIFIER
control field SGT
020 ## - INTERNATIONAL STANDARD BOOK NUMBER
International Standard Book Number 9781841392425
082 ## - DEWEY DECIMAL CLASSIFICATION NUMBER
Classification number 150,CAR
100 ## - MAIN ENTRY--PERSONAL NAME
Personal name CARR.ALAM
245 ## - TITLE STATEMENT
Title ABNORMAL PSYCHOLOGY
250 ## - EDITION STATEMENT
Edition statement 1ST
260 ## - PUBLICATION, DISTRIBUTION, ETC. (IMPRINT)
Place of publication, distribution, etc LONDON
Name of publisher, distributor, etc ROUTTEDGE
Year of Publication 2018
300 ## - PAGE DESCRIPTION
No. of Pages 229
650 ## - SUBJECT ADDED ENTRY--TOPICAL TERM
Topical term or geographic name as entry element PSYCHOLOGY
942 ## - ADDED ENTRY ELEMENTS (KOHA)
Source of classification or shelving scheme Dewey Decimal Classification
Koha item type Books
942 ## - ADDED ENTRY ELEMENTS (KOHA)
-- 47
Holdings
Withdrawn status Lost status Source of classification or shelving scheme Damaged status Not for loan Collection code Home library Current library Shelving location Date acquired Vendor Name Cost, normal purchase price SGTU Bill Number Total Checkouts Full call number Accession No. (Barcode) Date last seen Date last borrowed Bill Date Koha item type Total Renewals Use restrictions
    Dewey Decimal Classification     ENGINEERING SGT Engineering Library SGT Engineering Library Text Book 03/08/2022 AHUJA BOOK COMPANY PVT.LTD 3599.00 SGTU 14706 22 150,CAR FE8495 05/05/2026 20/04/2026 30/06/2022 Books    
    Dewey Decimal Classification     ENGINEERING SGT Engineering Library SGT Engineering Library Text Book 03/08/2022 AHUJA BOOK COMPANY PVT.LTD 3599.00 SGTU 14706 20 150,CAR FE8496 17/02/2026 14/02/2026 30/06/2022 Books 1  
    Dewey Decimal Classification     ENGINEERING SGT Engineering Library SGT Engineering Library Text Book 03/08/2022 AHUJA BOOK COMPANY PVT.LTD 3599.00 SGTU 14706 18 150,CAR FE8497 05/08/2025 25/06/2025 30/06/2022 Books    
    Dewey Decimal Classification   Not For Loan ENGINEERING SGT Engineering Library SGT Engineering Library Reference Book 03/08/2022 AHUJA BOOK COMPANY PVT.LTD 3599.00 SGTU 14706   150,CAR FE8498 03/08/2022   30/06/2022 Books   Restricted Access